000
00289nam a22001337a 4500
008
180221b xxu||||| |||| 00| 0 eng d
020
_a
638705001
041
_a
eng
080
_a
321
100
_a
20
101
_a
SHP
245
_a
Emissions Trading
_c
Tietenberg, T.H
942
_2
udc
_c
BK
999
_c
42977
_d
42977